El mercado de valores en México : estructura y funcionamiento /

Libro que tiene la finalidad de ofrecer una panorámica del mercado bursátil mexicano, su evolución, su importancia para la economía mexicana y sus perspectivas.

Zapisane w:
Opis bibliograficzny
Kolejni autorzy: Caro Razo, Efraín (autor) (autor)
Format: Książka
Język:hiszpański
Wydane: México : Ariel, 1995, c1995
Seria:(Ariel Divulgación)
Hasła przedmiotowe:
Etykiety: Dodaj etykietę
Nie ma etykietki, Dołącz pierwszą etykiete!

MARC

LEADER 00000nam^a2200000^a^4500
001 000042813
005 20250521000000.0
009 20260526114922.713
020 |a 968-6640-57-6 
037 |a Acervo ITESO - Biblioteca 
041 |a ESP 
082 |a 332. 64272  |b MER 
245 0 3 |a El mercado de valores en México :  |b estructura y funcionamiento /  |c Efraín Caro Razo... [et al.]. 
264 4 |a México :  |b Ariel,  |c 1995, c1995 
300 |a 327 p. 
336 |a texto  |b txt  |2 rdacontenido 
337 |a sin mediación  |b n  |2 rdamedio 
338 |a volumen  |b nc  |2 rdasoporte 
440 1 |a (Ariel Divulgación) 
520 |a Libro que tiene la finalidad de ofrecer una panorámica del mercado bursátil mexicano, su evolución, su importancia para la economía mexicana y sus perspectivas. 
649 |a XX 
650 |a Mercado de Valores -  |z México 
650 |a Mercado -  |z México 
650 |a Flujo Monetario -  |z México 
650 |a Inversiones Extranjeras -  |z México 
650 |a Inversiones -  |z México 
650 |a Finanzas -  |z México 
650 |a Economía -  |z México -  |x Historia -  |y 1990-1999 
650 |a México -  |x Condiciones Económicas 
700 |a Caro Razo, Efraín  |e (autor) 
910 |a Fondo General 
920 |a Impresos - Libros 
930 |a Colección General 
905 |a 101 
901 |a 0428130100  |b IT1  |c ACC  |i 042813  |u 20250521 
901 |a 0500130317  |b IT1  |c ACC  |u 20250521 
902 |a https://opac.biblio.iteso.mx/vufind/Record/000042813